Adnotationes in librum IV codicis iuris canonici

Uloženo v:
Podrobná bibliografie
Hlavní autor: Castaño, Bautista (Autor)
Médium: Kniha
Jazyk:španělština
Vydáno: Santiago s.n 1951
Témata:
Tagy: Přidat tag
Žádné tagy, Buďte první, kdo vytvoří štítek k tomuto záznamu!

MARC

LEADER 00000nam a2200000 a 4500
001 UCR4194
003 CL-VaPUC
008 980307e19510000cl |||||||||||||||||spa|d
082 0 4 |a 262.9  |b CAS  |2 21 
100 0 |a Castaño, Bautista  |e author  |9 403923 
245 1 0 |a Adnotationes in librum IV codicis iuris canonici 
300 |a 30 p 
942 |c BK 
945 |d 19980307 00:00:00  |a cmena 
260 |a Santiago  |b s.n  |c 1951 
500 |a Donación del padre Enrique Pascal García Huidobro 
600 0 |a Iglesia católica  |9 255129 
650 7 |a DERECHO CANONICO  |2 CL-VaPUC  |9 403924 
650 0 |a Juicios   |9 327339 
650 0 |a Tribunales  |9 254872 
650 0 |a Religión   |9 255164 
583 |a last modification  |c 20180102 06:20:57  |k Rodrigo Vera 
999 |c 267145  |d 267143 
952 |0 0  |1 0  |2 ddc  |4 0  |6 262_900000000000000_CAS_1951  |7 0  |8 DER_HDC  |9 299340  |a BIBDER  |b BIBDER  |d 2019-11-20  |i 1958550  |l 1  |o 262.9 CAS 1951  |p 1958550  |r 2023-01-25  |s 2020-03-19  |w 2019-11-20  |x Ubicación 4to Piso  |y MX  |z Estos recursos deben solicitarse con anticipación  |k DER